Ciencias naturales 9 /

Guardado en:
Autor Principal: Aristegui, Rosana A.
Otros Autores: Barderi, María Gabriela, Bosack, Alejandro S., Cuniglio, Francisco
Formato: Libro
Publicado: Buenos Aires : Santillana, 2001
Series:Claves
Materias:
Etiquetas: Agregar Etiqueta
Sin Etiquetas, Sea el primero en etiquetar este registro!
LEADER 01868nam a22003135a 4500
001 CEM.cems010607
005 20080229090606.0
008 130507s2001##################000#0#####d
003 CEMS
020 |a 9504608973 
082 0 4 |a Z570 
100 1 |a Aristegui, Rosana A. 
245 1 0 |a Ciencias naturales 9 /  |c  Rosana A. Aristegui ... [et Al.] 
260 |a Buenos Aires :  |b Santillana,  |c 2001 
300 |a 352 p. 
490 0 |a Claves 
500 |a Para 9º año Egb. 
505 0 |a Energía en acción -- Termodinámica y energía nuclear -- Fuerzas, movimientos y gravedad -- Mecánica de los fluídos -- Fundamentos de óptica y acústica -- Fenómenos electromagnéticos y electrónica -- Los secretos de la materia -- Modelo atómico y uniones químicas -- Las reacciones químicas -- Química del carbono e industria -- Química de la vida -- Los seres vivos y el ambiente -- Dinámica de los ecosistemas -- La actividad celular -- Estímulos, coordinación y respuestas -- Sistema endocrino y homeostasis -- Desarrollo y herencia -- Inmunología y salud -- La evolución de la vida -- La Tierra por dentro y por fuera -- Procesos endógenos y exógenos -- La historia de la tierra: las eras geológicas -- Los movimientos de los astros . 
653 |a Biología 
653 |a Ciencias naturales 
653 |a Ciencias naturales-9ºegb 
700 1 |a Barderi, María Gabriela 
700 1 |a Bosack, Alejandro S. 
700 1 |a Cuniglio, Francisco 
859 |a CEMS  |b BIB. CEMS - 11 de abril  |h Z570  |i Ar45-1  |p 21175.01  |t Ej.1  |v 9º  |3 9º 
859 |a CEMS  |b BIB. CEMS - 11 de abril  |h Z570  |i Ar45-1  |p 21205.01  |t Ej.2  |v 9º  |3 9º 
859 |a CEMS  |b BIB. CEMS - 11 de abril  |h Z570  |i Ar45-1  |p 21206.01  |t Ej.3  |v 9º  |3 9º 
859 |a CEMS  |b BIB. CEMS - 11 de abril  |h Z570  |i Ar45-1  |p 22110.03  |t Ej.4  |v 9º  |3 9º 
859 |a CEMS  |b BIB. CEMS - 11 de abril  |h Z570  |i Ar45-1  |p 22116.03  |t Ej.5  |v 9º  |3 9º